000
00290nam a22001097a 4500
999
_c
13780
_d
13780
082
_a
891.43
100
_a
شیخ ایاز
245
_a
رسالہ شاہ عبداللطیف بھٹائی رح
260
_a
کراچی
_b
سندھیکا اکیڈمی
300
_a
٦٦٣ صفحات
942
_c
BK